000 00344pab a2200145 454500
008 180718b1983 xxu||||| |||| 00| 0 eng d
100 _aKapur, Vijay
245 _aThe audit committees
_bAn exploratory study
260 _c1983
300 _a593-7,602
362 _aFeb.
650 _aAuditing
773 _aChartered Accountant
909 _a4081
999 _c4081
_d4081